Poissons d'eau douce en images - Statistiques

Statistiques générales
  • Ce quiz a été pris 1 386 fois
  • Le résultat moyen est 10 sur 15
Statistiques - réponses
Par images Réponse % Correct
anguille
94%
brochet
91%
carpe
90%
truite
89%
silure
80%
perche
77%
gardon
68%
sandre
59%
tanche
59%
brème
56%
goujon
52%
barbeau
45%
ablette
40%
vairon
35%
épinoche
24%
Aucun quiz correspondant
Distribution des résultats
% des personnes avec chaque résultat
Percentile par nombre de réponses
Votre historique - résultats
Vous n’avez pas pris ce quiz